| 000 | 00558nam a22002177a 4500 | ||
|---|---|---|---|
| 003 | IBSLLIB | ||
| 005 | 20251214094811.0 | ||
| 008 | 251214b |||||||| |||| 00| 0 eng d | ||
| 020 | _a9786245946297 | ||
| 040 |
_aIBSLLIB : _bsin |
||
| 041 | _asin | ||
| 082 |
_a133.3 _bJAY |
||
| 100 | _aWijayawicrama , Susantha | ||
| 245 | _aඅංක විද්යාව | ||
| 260 |
_aMeerigama : _bAakarsha , _c2023 . |
||
| 300 |
_a127 P . ; _c22 cm |
||
| 650 | _aDivinatory Arts | ||
| 653 | _aDivinatory Arts | ||
| 942 | _cBK | ||
| 999 |
_c22003 _d22003 |
||